| 000 -LEADER |
| fixed length control field |
00679nam a2200205Ia 4500 |
| 001 - CONTROL NUMBER |
| control field |
13199 |
| 003 - CONTROL NUMBER IDENTIFIER |
| control field |
GE_BSU |
| 008 - FIXED-LENGTH DATA ELEMENTS--GENERAL INFORMATION |
| fixed length control field |
181216s||||||||xx |||||||||||||| ||und|| |
| 040 ## - CATALOGING SOURCE |
| Transcribing agency |
GE_BSU |
| 080 ## - UNIVERSAL DECIMAL CLASSIFICATION NUMBER |
| Universal Decimal Classification number |
631.8(479.223) |
| 100 ## - MAIN ENTRY--PERSONAL NAME |
| Personal name |
Беридзе,Р.С. |
| 245 ## - TITLE STATEMENT |
| Title |
Достижение науки-производству(опыт применения магниевых удобрении на чайных плантациях) |
| 245 ## - TITLE STATEMENT |
| Statement of responsibility, etc. |
Ред.А.Г.Трещов |
| 260 ## - PUBLICATION, DISTRIBUTION, ETC. |
| Place of publication, distribution, etc. |
Батуми |
| 260 ## - PUBLICATION, DISTRIBUTION, ETC. |
| Name of publisher, distributor, etc. |
Сабчота Аджара |
| 260 ## - PUBLICATION, DISTRIBUTION, ETC. |
| Date of publication, distribution, etc. |
1981 |
| 300 ## - PHYSICAL DESCRIPTION |
| Extent |
96стр.20см. |
| 653 ## - INDEX TERM--UNCONTROLLED |
| Uncontrolled term |
Достижение науки-производству |
| 942 ## - ADDED ENTRY ELEMENTS (KOHA) |
| Koha item type |
წიგნი |